Io Tarzan, tu Jane

Salvato in:
Dettagli Bibliografici
Autore principale: Paterlini Piergiorgio
Natura: Libro
Lingua:lingua imprecisata
Pubblicazione: Milano Zelig 1995
Tags: Aggiungi Tag
Nessun Tag, puoi essere il primo ad aggiungerne!!

MARC

LEADER 00000nam a2200000Ia 4500
001 175
003 NUMERAZIONE-ORIGINALE-BRESCIA
005 20260206230749.0
008 260206s9999 xx 000 0 und d
100 |a Paterlini Piergiorgio 
245 0 |a Io Tarzan, tu Jane 
260 |a Milano 
260 |b Zelig 
260 |c 1995 
500 |a Futura 
500 |a Manualetto d'amore e di sesso 
942 |2 ddc  |c BK  |n 0 
952 |0 0  |1 0  |2 ddc  |4 0  |6 26  |7 0  |9 28371  |a BS  |b BS  |d 2026-02-06  |i 175  |l 0  |o 2-6-*  |r 2026-02-06 22:40:33  |w 2026-02-06  |x [REVISIONARE]  |y BK 
999 |c 24056  |d 24056